Statistics for Artist By Song - Retro 2000-23 Meme Songs (1001-1500)

Click here to take the quiz!

General Stats

  • This quiz has been taken 10 times
  • The average score is 323 of 500

Answer Stats

HintAnswer% Correct
Candy Shop50 Cent
100%
Dancing Queen | Gimme! Gimme! Gimme! (A Man After Midnight)ABBA
100%
Hells Bells | MoneytalksAC/DC
100%
Achy Breaky HeartBilly Ray Cyrus
100%
Born In The USA | Dancing In The Dark | Glory Days | Hungry HeartBruce Springsteen
100%
(Everything I Do) I Do It For You | Cuts Like A Knife | Heaven | +2 othersBryan Adams
100%
Bonfire | Redbone | This Is AmericaChildish Gambino
100%
Around The World | Get Lucky | Harder, Better, Faster, StrongerDaft Punk
100%
Still D.R.E.Dr. Dre
100%
Bon Appetit | California Gurls | Chained To The Rhythm | +12 othersKaty Perry
100%
Alejandro | Applause | Bad Romance | +7 othersLady Gaga
100%
Fool In The Rain | Stairway To HeavenLed Zeppelin
100%
All I Want For Christmas Is YouMariah Carey
100%
Bad | Beat It | Man In The Mirror | +3 othersMichael Jackson
100%
Dilemma | Hot In HerreNelly
100%
22 | Back To December | Bad Blood | +19 othersTaylor Swift
100%
Seasons In The SunTerry Jacks
100%
Can't Feel My FaceThe Weeknd
100%
7 rings | Break Free | Dangerous Woman | +5 othersAriana Grande
90%
Who Let The Dogs OutBaha Men
90%
More Than A Woman | Stayin' AliveBee Gees
90%
Big Shot | It's Still Rock And Roll To Me | Miami 2017 (Seen The Lights Go Out On Broadway) | +12 othersBilly Joel
90%
Three Little BirdsBob Marley & The Wailers
90%
Run It!Chris Brown
90%
A Sky Full of Stars | Adventure of a Lifetime | Hymn for the Weekend | +2 othersColdplay
90%
Changes | Let's Dance | Space OddityDavid Bowie
90%
Candle In The Wind | Crocodile Rock | Goodbye Yellow Brick Road | Rocket ManElton John
90%
Centuries | Dance, Dance | I Don't Care | +4 othersFall Out Boy
90%
I Will SurviveGloria Gaynor
90%
Knockin' On Heaven's Door | November Rain | PatienceGuns N' Roses
90%
Black Widow | FancyIggy Azalea
90%
I Got You (I Feel Good)James Brown
90%
Swalla | Talk Dirty | WiggleJason Derulo
90%
Ain't Your Mama | Jenny From The Block | Let's Get Loud | On The FloorJennifer Lopez
90%
Any Way You Want It | Don't Stop Believing | LightsJourney
90%
StrongerKanye West
90%
MacarenaLos Del Rio
90%
I'd Do Anything For Love (But I Won't Do That) | Paradise By The Dashboard LightMeat Loaf
90%
All About That Bass | Like I'm Gonna Lose You | Lips Are Movin | NOMeghan Trainor
90%
Get Ur Freak OnMissy Elliott
90%
PromiscuousNelly Furtado
90%
Only | Starships | Stupid Hoe | Super BassNicki Minaj
90%
Bitch Better Have My Money | Rude BoyRihanna
90%
I'm Not The Only One | Stay With Me | Too Good At GoodbyesSam Smith
90%
Bridge Over Troubled Water | Mrs. RobinsonSimon & Garfunkel
90%
Back In The U.S.S.R. | Can't Buy Me Love | Get Back | +2 othersThe Beatles
90%
Bitter Sweet SymphonyThe Verve
90%
Car Radio | Chlorine | Heathens | +2 othersTwenty One Pilots
90%
Whip My HairWILLOW
90%
Sweet But PsychoAva Max
80%
Dancing With Myself | Rebel Yell | White Wedding - Pt. 1Billy Idol
80%
Believe | Gypsies, Tramps And ThievesCher
80%
With Arms Wide OpenCreed
80%
Fortunate Son | Have You Ever Seen The Rain | Proud MaryCreedence Clearwater Revival
80%
Headlines | Hold On, We're Coming Home | In My Feelings | Nice For WhatDrake
80%
Right Round | WhistleFlo Rida
80%
FaithGeorge Michael
80%
BabyJustin Bieber
80%
Old Town RoadLil Nas X
80%
Ain't No Mountain High EnoughMarvin Gaye
80%
Crazy Train | Mama, I'm Coming Home | Shot In The DarkOzzy Osbourne
80%
I Write Sins Not TragediesPanic! At The Disco
80%
Please Don't Leave Me | Try | We've Got ScurvyP!nk
80%
CreepRadiohead
80%
Everybody Hurts | It's The End Of The World As We Know It (And I Feel Fine)R.E.M.
80%
IgnitionR. Kelly
80%
Beautiful GirlsSean Kingston
80%
Don't You (Forget About Me)Simple Minds
80%
Walk Like An EgyptianThe Bangles
80%
Paris | Roses | Something Just Like ThisThe Chainsmokers
80%
Don't Stand So Close To Me | Wrapped Around Your FingerThe Police
80%
Beast Of Burden | Gimme Shelter | Start Me Up | You Can't Always Get What You WantThe Rolling Stones
80%
It's Not UnusualTom Jones
80%
I Still Haven't Found What I'm Looking ForU2
80%
Wake Me Up Before You Go-GoWham!
80%
The SignAce Of Base
70%
Send My Love (To Your New Lover) | Water Under The BridgeAdele
70%
Ironic | You Oughta KnowAlanis Morissette
70%
Heaven Is A Place On EarthBelinda Carlisle
70%
Take My Breath AwayBerlin
70%
bad guyBillie Eilish
70%
Paranoid | War Pigs / Luke's WallBlack Sabbath
70%
Sunglasses At NightCorey Hart
70%
Money For NothingDire Straits
70%
Hot StuffDonna Summer
70%
CocaineEric Clapton
70%
679 | My Way | Trap QueenFetty Wap
70%
ManeaterHall & Oates
70%
BarracudaHeart
70%
Jump AroundHouse Of Pain
70%
ABCJackson 5
70%
Stronger | Walk AwayKelly Clarkson
70%
Don't MindKent Jones
70%
Celebration | Get Down On ItKool & The Gang
70%
Electric Feel | KidsMGMT
70%
Sweet CarolineNeil Diamond
70%
Because The NightPatti Smith
70%
Super FreakRick James
70%
Jessie's GirlRick Springfield
70%
Somebody's Watching MeRockwell
70%
Do Ya Think I'm Sexy? | Maggie MayRod Stewart
70%
Push ItSalt-N-Pepa
70%
Isn't She Lovely | Part-Time LoverStevie Wonder
70%
Give A Little Bit | The Logical SongSupertramp
70%
Free Fallin' | I Won't Back DownTom Petty
70%
American Girl | Don't Do Me Like That | The WaitingTom Petty And The Heartbreakers
70%
#thatPOWERwill.i.am
70%
Owner Of A Lonely Heart | RoundaboutYes
70%
Fight For Your Right | IntergalacticBeastie Boys
60%
LoserBeck
60%
Sweet DreamsBeyonce
60%
Gonna Make Me Sweat NowC & C Music Factory
60%
The TwistChubby Checker
60%
Johnny B. GoodeChuck Berry
60%
(I Just) Died In Your Arms TonightCutting Crew
60%
Danza KuduroDon Omar
60%
Hungry Like The Wolf | The ReflexDuran Duran
60%
Mr. Blue SkyElectric Light Orchestra
60%
Just Lose It | Sing For The Moment | Without MeEminem
60%
Like A G6Far East Movement
60%
Don't Stop | Go Your Own WayFleetwood Mac
60%
Follow You Follow Me | Just A Job To Do | Land Of ConfusionGenesis
60%
I Bet My LifeImagine Dragons
60%
Are You Gonna Be My GirlJet
60%
Not A Bad ThingJustin Timberlake
60%
Danger Zone | FootlooseKenny Loggins
60%
Just A Kiss | Need You NowLady Antebellum
60%
Sucker For PainLil Wayne
60%
Funky TownLipps Inc.
60%
Our HouseMadness
60%
Stolen DanceMilky Chance
60%
Dr. Feelgood | Girls, Girls, Girls | Home Sweet Home | +2 othersMotley Crue
60%
Heartbreaker | Love Is A Battlefield | Shadows Of The Night | We BelongPat Benatar
60%
Comfortably NumbPink Floyd
60%
Maria MariaSantana
60%
BoombasticShaggy
60%
Centerfold | Freeze-Frame | Love StinksThe J. Geils Band
60%
Sweater WeatherThe Neighbourhood
60%
It's Raining MenThe Weather Girls
60%
Behind Blue Eyes | Who Are YouThe Who
60%
The Boys Are Back In TownThin Lizzy
60%
Buy U A DrankT-Pain
60%
Brown Eyed GirlVan Morrison
60%
SAD!XXXTentacion
60%
La Grange | TushZZ Top
60%
Quit Playing Games With My HeartBackstreet Boys
50%
Bad Medicine | I'll Be There For YouBon Jovi
50%
Peace Of MindBoston
50%
I Need Your Love | SummerCalvin Harris
50%
I Want You To Want me | SurrenderCheap Trick
50%
Hide Away | Sit Still, Look PrettyDaya
50%
LaylaDerek & The Dominos
50%
I'm Coming OutDiana Ross
50%
IDGAFDua Lipa
50%
HeroEnrique Iglesias
50%
This KissFaith Hill
50%
I Want To Know What Love IsForeigner
50%
Ready Or NotFugees
50%
CongaGloria Estefan
50%
The GamblerKenny Rogers
50%
Fly AwayLenny Kravitz
50%
ManiacMichael Sembello
50%
Beds Are BurningMidnight Oil
50%
In The SummertimeMungo Jerry
50%
Scatman & Hatman | Scatman (ski-ba-bop-ba-dop-bop)Scatman John
50%
What I GotSublime
50%
ShoutTears For Fears
50%
LingerThe Cranberries
50%
You're Gonna Go Far KidThe Offspring
50%
Play That Funky MusicWild Cherry
50%
Aaron's Party (Come Get It)Aaron Carter
40%
Ramblin' ManAllman Brothers Band
40%
Sister Golden HairAmerica
40%
You're The First, The Last, My EverythingBarry White
40%
EverytimeBritney Spears
40%
Already Gone | In The City | One Of These NightsEagles
40%
Take Me Home Tonight | Two Tickets To ParadiseEddie Money
40%
My ImmortalEvanescence
40%
Dog Days Are OverFlorence + The Machine
40%
RelaxFrankie Goes To Hollywood
40%
I Won't Give UpJason Mraz
40%
Bad, Bad, Leroy Brown | You Don't Mess With JimJim Croce
40%
Love Me AgainJohn Newman
40%
3AMMatchbox Twenty
40%
SecretsOneRepublic
40%
AlivePearl Jam
40%
SussudioPhil Collins
40%
Back In TimePitbull
40%
Right Here WaitingRichard Marx
40%
In My BloodShawn Mendes
40%
ScreamUsher
40%
Werewolves Of LondonWarren Zevon
40%
RenegadesX Ambassadors
40%
Rag DollAerosmith
30%
Teach Me How To DougieCali Swag District
30%
Good TimesCHIC
30%
Have It All | The Remedy (I Won't Worry)Jason Mraz
30%
Small TownJohn Mellencamp
30%
Leave (Get Out)JoJo
30%
Move Your FeetJunior Senior
30%
I'm Your Boogie ManKC & The Sunshine Band
30%
D RoseLil Pump
30%
Brandy (You're A Fine Girl)Looking Glass
30%
Simple ManLynyrd Skynyrd
30%
Bad ThingsMachine Gun Kelly
30%
You Got It (The Right Stuff)New Kids On The Block
30%
You Get What You GiveNew Radicals
30%
CloserNe-Yo
30%
Wish You Were MinePhilip George
30%
HangoverPSY
30%
Life Is A HighwayRascal Flatts
30%
I Got A WomanRay Charles
30%
Come And Get Your LoveRedbone
30%
Snow Halationμ's
30%
18 And LifeSkid Row
30%
The Tears Of A ClownSmokey Robinson & The Miracles
30%
Pretty Boy SwagSoulja Boy
30%
Jungle Love | Rock'n Me | SwingtownSteve Miller Band
30%
Fat Lip | In Too DeepSum 41
30%
My Best Friend's Girl | You Might ThinkThe Cars
30%
Long Train Runnin'The Doobie Brothers
30%
Love Her MadlyThe Doors
30%
Come DancingThe Kinks
30%
I'm On A BoatThe Lonely Island
30%
Istanbul (Not Constantinople)They Might Be Giants
30%
I Hate Everything About YouThree Days Grace
30%
Bank Account21 Savage
20%
Caught Up In You | Hold On Loosely38 Special
20%
Going Up The CountryCanned Heat
20%
Feelin' Stronger Every DayChicago
20%
Ride Like The WindChristopher Cross
20%
Fallin' For You | I Never Told YouColbie Caillat
20%
The Time Of Your LifeDavid Cook
20%
Next To MeEmilee Sande
20%
What's Luv?Fat Joe
20%
My HeroFoo Fighters
20%
Who Loves YouFrankie Valli & The Four Seasons
20%
Right Down The LineGerry Rafferty
20%
Hide And SeekImogen Heap
20%
CenterfieldJohn Fogerty
20%
SayJohn Mayer
20%
St. Elmos FireJohn Parr
20%
Turn Me OnKevin Lyttle
20%
You Make Me Feel Like DacningLeo Sayer
20%
The LocomotionLittle Eva
20%
I Got A GirlLou Bega
20%
Stir FryMigos
20%
I Melt With YouModern English
20%
In Your EyesPeter Gabriel
20%
Let My Love Open The DoorPete Townshend
20%
HomePhilip Phillips
20%
Baby Come BackPlayer
20%
King Of AnythingSara Bareilles
20%
One (Your Name)Swedish House Mafia
20%
Tokyo DriftTeriyaki Boyz
20%
Face DownThe Red Jumpsuit Apparatus
20%
Nasty FreestyleT-Wayne
20%
Drift AwayUncle Kracker
20%
Dreams | Right Now | When It's Love | Why Can't This Be LoveVan Halen
20%
Everybody Have Fun TonightWang Chung
20%
Is This Love | Still Of The NightWhitesnake
20%
If I Can't Have YouYvonne Elliman
20%
We Own It2 Chainz
10%
Rock 'n' Roll FantasyBad Company
10%
Lonely Is The Night | The StrokeBilly Squier
10%
What You Won't Do For LoveBobby Caldwell
10%
Billy, Don't Be A HeroBo Donaldson & The Heywoods
10%
AdoreCashmere Cat
10%
ShineCollective Soul
10%
OverwatchDan Bull
10%
CrushDavid Archuleta
10%
Calabria 2007Enur
10%
Good Girls Bad GuysFalling In Reverse
10%
Hoes MadFamous Dex
10%
Out Of My HeadFastball
10%
Bong RockIncredible Bongo Band
10%
FlamingoKero Kero Bonito
10%
Sanguine ParadiseLil Uzi Vert
10%
Please Mr. Columbus (Turn The Ship Around)Lou Monte
10%
Right Back Where We StartedMaxine Nightingale
10%
Fanfare (FF7) | Fight On! (FF7) | Let The Battles Begin! (FF7)Nobuo Uematsu
10%
Gecko (Overdrive)Oliver Heldens
10%
HurtOliver Tree
10%
Congratulationspewdiepie
10%
Nothin' But A Good TimePoison
10%
All Around The WorldR3HAB
10%
Show Me LoveRobyn
10%
Dirty WorkSteely Dan
10%
Crime Scene | Somebody's Gonna Die TonightThe Murderers
10%
Rock N Roll McDonaldsWesley Willis
10%
Invisible TouchGensis
0%

Score Distribution

Percentile by Number Answered

Percent of People with Each Score

Your Score History

You have not taken this quiz